000 00711nam a2200193Ia 4500
008 250806s9999||||xx |||||||||||||| ||und||
020 _a9780443101083;0443101086;9780443101076 (international ed.);0443101078 (international ed.)
060 _aQV 785
_b.A95 2007
245 0 _aAulton's pharmaceutics :
_bthe design and manufacture of medicines /
_cedited by Michael E. Aulton.
250 _a3rd ed.
260 _aEdinburgh ;;New York :
_bChurchill Livingstone Elsevier,
_c2007
300 _ax, 717 p. :
_bill.
504 _aIncludes bibliographical references and index.
650 _aBiopharmaceutics
650 _aDosage Forms
650 _aDrug Design
700 _aAulton, Michael E.
942 _bDIMC
_cBK
999 _c25752
_d25752